| 000 | 00639cam a22002292 4500 | ||
|---|---|---|---|
| 001 | 8256 | ||
| 003 | BD-RjUL | ||
| 005 | 20211208234543.0 | ||
| 008 | 14 t1954 n 001 0 eng c | ||
| 035 | _a(BD-RjUL)8301 | ||
| 040 |
_aWEL _cWEL _dWY@ _dEQO _dBD-RjUL _beng |
||
| 041 | _aeng | ||
| 082 | 0 | 4 |
_216 _a530 _bRUI 1954 |
| 100 | 1 |
_aRusk, Rogers D., _d1892- _925734 |
|
| 245 | 1 | 0 |
_aIntroduction to college physics / _cRogers D. Rusk |
| 260 |
_aNew York : _bAppleton-Century-Crofts, _cc1954 |
||
| 300 |
_axxii, 816 p. : _bill. ; _c25 cm. |
||
| 504 | _aIncludes index. | ||
| 650 | 0 |
_aPhysics. _925735 |
|
| 942 |
_2ddc _cBK |
||
| 999 |
_c8256 _d8256 |
||